Stata user's guide : (Record no. 13770)

000 -LEADER
fixed length control field 00593cam a22002174a 4500
020 ## - INTERNATIONAL STANDARD BOOK NUMBER
ISBN 9781597180641 (pbk.)
020 ## - INTERNATIONAL STANDARD BOOK NUMBER
ISBN 1597180645 (pbk.)
040 ## - CATALOGING SOURCE
Transcribing agency STF
082 00 - DEWEY DECIMAL CLASSIFICATION NUMBER
Classification number 005 STA 2009 A005 Or.
245 00 - TITLE STATEMENT
Title Stata user's guide :
Remainder of title release 11.
246 14 - VARYING FORM OF TITLE
Title proper/short title Stata release 11 : user's guide
246 18 - VARYING FORM OF TITLE
Title proper/short title Stata 11 user's guide
260 ## - PUBLICATION, DISTRIBUTION, ETC. (IMPRINT)
Place of publication College Station, Tex. :
Name of publisher StataCorp LP,
Year of publication 2009.
300 ## - PHYSICAL DESCRIPTION
Number of Pages x, 396 p. :
Other physical details ill. ;
Dimensions 24 cm.
650 #0 - SUBJECT ADDED ENTRY--TOPICAL TERM
Topical Term Statistics
650 #0 - SUBJECT ADDED ENTRY--TOPICAL TERM
Topical Term Statistics
650 #0 - SUBJECT ADDED ENTRY--TOPICAL TERM
Topical Term Social sciences
650 #0 - SUBJECT ADDED ENTRY--TOPICAL TERM
Topical Term Social sciences
710 2# - ADDED ENTRY--CORPORATE NAME
Corporate name or jurisdiction name as entry element StataCorp LP.
942 ## - ADDED ENTRY ELEMENTS (KOHA)
Koha item type សៀវភៅភាសាអង់គ្លេស
952 ## - LOCATION AND ITEM INFORMATION (KOHA)
Withdrawn status [LOCAL, KOHA] 0
Holdings
Permanent Location Date acquired Koha item type Lost status Shelving location Barcode Current Location Full call number
Library Block A2017-08-30សៀវភៅភាសាអង់គ្លេស A005A20638Library Block A005 STA 2009 A005 Or.
មជ្ឈមណ្ឌលឯការនៃសាកលវិទ្យាល័យភូមិន្ទកសិកម្មចំការដូង

Powered by Koha